Rooftop Architecture : Building on an Elevated Surface /

Uložené v:
Podrobná bibliografia
Hlavní autori: Melet, Ed (Autor), Vreedenburgh, Eric (Autor)
Médium: Kniha
Jazyk:English
Vydavateľské údaje: Rotterdam : Simon Franke, NAi Publishers, 2005
Vydanie:1. vydanie
Predmet:
Tagy: Pridať tag
Žiadne tagy, Buďte prvý, kto otaguje tento záznam!

MARC

LEADER 00000nam a22000003a 4500
001 0071989
003 SK-STU
005 20200120103925.5
007 ta
008 190227s ----xo-----e------000-0-----d
020 |a 90-5662-363-X 
040 |a STU  |b slo 
041 0 |a eng 
044 |a ne 
100 1 |a Melet, Ed  |4 aut 
245 1 0 |a Rooftop Architecture :  |b Building on an Elevated Surface /  |c aut. Ed Melet, Eric Vreedenburgh 
250 |a 1. vydanie 
260 |a Rotterdam :  |b Simon Franke, NAi Publishers,  |c 2005 
300 |a 208 s. 
650 0 7 |a strešné konštrukcie 
650 0 7 |a terasy strešné 
650 0 7 |a zelené strechy 
650 0 7 |a nadstavby budov 
650 0 7 |a penthouse 
650 0 7 |a loft 
650 0 7 |a utópia 
700 1 |a Vreedenburgh, Eric  |4 aut 
996 |b 284AU07941  |c A* 11201/U  |l AAKNAR  |s A  |a 24  |w 0071989_0001